|
|
|
|
| LEADER |
01813nam a2200325 i 4500 |
| 001 |
33083 |
| 003 |
BD-DhAAL |
| 005 |
20180517105026.0 |
| 008 |
170518r20171953cau 000 0 eng |
| 999 |
|
|
|c 39323
|d 39323
|
| 010 |
|
|
|a 81000354
|
| 020 |
|
|
|a 9788187326434
|
| 040 |
|
|
|a DLC
|c DLC
|d DLC
|d BD-DhAAL
|d BD-DhAAL
|
| 050 |
0 |
0 |
|a LB875.K74
|b E38 1981
|
| 082 |
0 |
0 |
|a 370
|2 19
|
| 100 |
1 |
|
|a Krishnamurti, J.
|q (Jiddu),
|d 1895-1986.
|9 22517
|
| 245 |
1 |
0 |
|a Education and the significance of life /
|c J. Krishnamurti.
|
| 260 |
|
|
|a Chennai :
|b Krishnamurti foundation india,
|c c1953 [reprinted 2017]
|
| 300 |
|
|
|a 128 pages ;
|c 18 cm.
|
| 526 |
|
|
|a ESS
|
| 541 |
|
|
|e 33083,33084,33085,33086,33087.
|a STS International
|
| 600 |
1 |
0 |
|a Krishnamurti, J.
|q (Jiddu),
|d 1895-1986.
|9 22517
|
| 650 |
|
0 |
|a Education.
|9 22518
|
| 852 |
|
|
|a Ayesha Abed Library
|c General Stacks
|
| 942 |
|
|
|2 ddc
|c BK
|
| 952 |
|
|
|0 0
|1 0
|2 ddc
|4 0
|6 370_000000000000000_KRI
|7 0
|9 63249
|a BRACUL
|b BRACUL
|c GEN
|d 2018-05-07
|e STS International
|g 630.00
|l 0
|o 370 KRI
|p 3010033086
|r 2018-05-07
|t 4
|v 630.00
|w 2018-05-07
|y BK
|
| 952 |
|
|
|0 0
|1 0
|2 ddc
|4 0
|6 370_000000000000000_KRI
|7 0
|9 63250
|a BRACUL
|b BRACUL
|c GEN
|d 2018-05-07
|e STS International
|g 630.00
|l 0
|o 370 KRI
|p 3010033084
|r 2018-05-07
|t 2
|v 630.00
|w 2018-05-07
|y BK
|
| 952 |
|
|
|0 0
|1 0
|2 ddc
|4 0
|6 370_000000000000000_KRI
|7 0
|9 63251
|a BRACUL
|b BRACUL
|c GEN
|d 2018-05-07
|e STS International
|g 630.00
|l 0
|o 370 KRI
|p 3010033083
|r 2018-05-07
|t 1
|v 630.00
|w 2018-05-07
|y BK
|
| 952 |
|
|
|0 0
|1 0
|2 ddc
|4 0
|6 370_000000000000000_KRI
|7 0
|9 63252
|a BRACUL
|b BRACUL
|c GEN
|d 2018-05-07
|e STS International
|g 630.00
|l 1
|m 1
|o 370 KRI
|p 3010033087
|r 2020-02-12
|s 2020-02-03
|t 5
|v 630.00
|w 2018-05-07
|y BK
|
| 952 |
|
|
|0 0
|1 0
|2 ddc
|4 0
|6 370_000000000000000_KRI
|7 0
|9 63253
|a BRACUL
|b BRACUL
|c GEN
|d 2018-05-07
|e STS International
|g 630.00
|l 0
|o 370 KRI
|p 3010033085
|r 2018-05-07
|t 3
|v 630.00
|w 2018-05-07
|y BK
|